| 000 | 00805nam a2200241 a 4500 | ||
|---|---|---|---|
| 001 | 000021915 | ||
| 003 | DO-SdBNP | ||
| 005 | 20251114110039.0 | ||
| 008 | 100914s1977 sp r 000 0bspa d | ||
| 020 | _a8420427314 | ||
| 040 |
_aDO-SdBNP _bspa _cBNPHU |
||
| 049 | _aBNGR | ||
| 082 |
_a338.98 _bB734d |
||
| 100 | 1 |
_aBoris Rofman, Alejandro _945479 |
|
| 245 | 1 | 0 |
_aDependencia, estructura de poder y formación regional en América Latina / _cAlejandro Boris Rofman. |
| 250 | _a2a ed. | ||
| 260 |
_aMéxico D. F. : _bSiglo Veintiuno, _c1977. |
||
| 300 |
_a170 p. ; _c17 cm. |
||
| 500 | _aIncluye notas y refencias bibliográficas al pie de las páginas. | ||
| 650 | 4 |
_aAmérica Latina _xCondiciones económicas _932299 |
|
| 650 | 4 |
_aAmérica Latina _xPolítica económica _945480 |
|
| 942 |
_2ddc _cLBS1 |
||
| 999 |
_c21413 _d21413 |
||